000 00971nam a2200289Ia 4500
001 Para_9400
003 CHAP
008 220125s2008 xx 000 0 und d
010 _a208097
040 _cCHAP
090 _aTESIS 2133
100 _aRosas Hernández, Leonel
_9100020
245 _aHongos asociados al follaje de jícama (Pachyrhizus erosus (L.) Urban) en el municipio de Pajapan, Veracruz /
_c por Leonel Rosas Hernández
260 _aChapingo, Méx. :
_b el autor
300 _a49 h.
502 _aTesis (Ing. Agr. Esp. en Parasitología Agrícola) -- UACh. Departamento Parasitología Agrícola
650 _aHongos fitopatógenos
_956132
650 _aJícama
_x enfermedades
_961915
710 _aUACh. Departamento Parasitología Agrícola
_9164025
901 _aTESIS 2133
902 _aM
905 _a0000002008 a 0000000000 00
910 _a2008
942 _cPARA
942 _cPARA
_d2
999 _c208097
_d208097